| 000 | 00672nam a2200229Ia 4500 | ||
|---|---|---|---|
| 003 | OSt | ||
| 005 | 20220622111421.0 | ||
| 008 | 210716s1996 xx 000 0 und d | ||
| 020 | _a8170297664 | ||
| 040 | _cAIMIT LIBRARY | ||
| 041 | _aeng | ||
| 082 |
_a511.42 _21 _bSALR |
||
| 100 |
_aSalaria, R S. _944419 |
||
| 245 |
_aNumerical methods: _bcomputer oriented approach / _cBy R S Salaria. |
||
| 250 | _a1st ed. | ||
| 260 |
_aNew Delhi : _bBPB Publications , _c1996. |
||
| 300 |
_axvi, 304p. ; _c23 cm. |
||
| 650 |
_aPreliminaries _944420 |
||
| 650 |
_aComputer arithmetic _944421 |
||
| 650 |
_aFloating point arithmetic _944422 |
||
| 942 |
_2ddc _cBK _e1st _k511.42 SALR |
||
| 999 |
_c183141 _d183141 |
||